书目信息 |
| 书名: | Hong Kong auditing | |
| 作者: | Alan H. Millichamp, Peter Tze Yiu Lau. | |
| 分册号: | ||
| 分册名: | 出版地: | Hong Kong : |
|
| 出版社: | Pilot Publishing Company | |
| 出版时间: | 1992. | |
| 页数: | 611 p. : | |
| 开本: | 26 cm. | |
| 丛书名: | ||
| 中图分类号: | ||
| 科图分类号: | ||
| 其他分类号: | F239.227.658 | |
| 主题词: | ||
| 电子资源: | ||
| 000 | 00760nam 2200289 a 4500 | |
| 001 | E0733733150 | |
| 005 | 20070308092938.75 | |
| 020 | @a9623970900 :@c$225.00. | |
| 090 | @aF239.227.658 | |
| 099 | @dF239.227.658@ex15 | |
| 100 | 1 | @aMillichamp, Alan H. |
| 245 | 10 | @aHong Kong auditing / @cAlan H. Millichamp, Peter Tze Yiu Lau. |
| 260 | @aHong Kong :@bPilot Publishing Company,@c1992. | |
| 300 | @a611 p. :@bill. ;@c26 cm. | |
| 700 | 1 | @aLau, Peter Tze Yiu. |
| 920 | @a242010@z0 | |
| 920 | @a222010@z1 | |
| 920 | @a244050@z1 | |
| 920 | @a211020@z1 | |
| 920 | @a241010@z1 | |
| 920 | @a244020@z0 | |
| 920 | @a242250@z2 | |
| 920 | @a246010@z1 | |
| 920 | @a221020@z2 | |
| 920 | @a211010@bF239.227.658@cM62@z1 | |
| 920 | @a244010@z1 | |
| 998 | @aPUL | |
| Hong Kong auditing / / Alan H. Millichamp, Peter Tze Yiu Lau.-Hong Kong : : Pilot Publishing Company, , 1992. |
| 611 p. : : ill. ; ; 26 cm. |
| ISBN 9623970900 :$225.00. |
| ● |
| 相关链接 |
|
|
|
|
正题名:Hong Kong auditing
索取号:F239.227.658/x15
 
预约/预借
| 序号 | 登录号 | 条形码 | 馆藏地/架位号 | 状态 | 备注 |
| 1 | 0000253 | 300002538 | 第二样本阅览室/ [索取号:F239.227.658/x15] | 在馆 |